History Quiz

Random History or Century Quiz

Did It Occur In the 20th Century? Quiz Stats

 Plays Quiz Updated Nov 29, 2016

Challenge
Share
Tweet
Embed
Score 0/20 Timer 05:00
0 Plays Today
% Correct
Fall of Berlin Wall
91.8%
World War I
91.7%
Martin Luther King's 'I Have a Dream' speech
91.7%
Election of Margaret Thatcher
90.2%
RMS Titanic sails on her maiden voyage
88.2%
Tiananmen Square protest
87.3%
Edmund Hillary and Tenzing Norgay climb Everest
81.8%
USS Arizona sinks
78.3%
Russian Revolution
78.3%
The Euro is established
75.5%
% Correct
Black September Munich massacre
73.8%
Roald Amundsen reaches South Pole
70.1%
Alexander Fleming discovers penicillin
67.4%
Queen Victoria dies
67%
'The Phantom Menace' released
67%
Spanish Civil War
63.1%
Robert Peary reaches North Pole
59.8%
Assassination of William Mckinley
53%
Birth of Leonid Brezhnev
46%
Pius X elected Pope
43.4%

You're not logged in!

Compare scores with friends on all Sporcle quizzes.
OR
Log In

You Might Also Like...

Show Comments

Extras

Top Quizzes Today


Score Distribution

Your Account Isn't Verified!

In order to create a playlist on Sporcle, you need to verify the email address you used during registration. Go to your Sporcle Settings to finish the process.

Report this User

Report this user for behavior that violates our Community Guidelines.

Details: